000 01321nam a22003497a 4500
003 CHAP
005 20220817042851.0
008 971013s1987 r 00010 d
010 _a58242
011 _a59214
035 _a63372
040 _cCHAP
090 _aTesis
100 0 0 _aPrieto Espejo, Aida Victoria.
_991612
245 _aEvaluación de dos técnicas para el control del descortezador de pinos (Dendroctonus adjunctus) Blandf. en la Estación Experimental Chapingo. Zoquiapan Estado de México
260 _aChapingo, Méx. :
_bEl autor,
_c1987
300 _a98 h.
502 _aTesis (Ing. Agr. Esp. en Bosques) -- UACH. División de Ciencias Forestales
590 _aALEPH
_b10
_c20130110
_lUCH01
_h1336
590 _aBATCH-UPD
_b10
_c20130110
_lUCH01
_h0827
590 _aBATCH-UPD
_b10
_c20130410
_lUCH01
_h0505
590 _aBATCH-UPD
_b10
_c20130914
_lUCH01
_h1041
590 _aCONVERSION
_b10
_c20130109
_lUCH01
_h1331
650 1 4 _aControl de plagas.
_927595
650 1 4 _aDendroctonus adjunctus.
_931771
650 1 4 _aPináceas
_xPlagas.
_988257
710 0 _aUACH. División de Ciencias Forestales.
710 0 _aUACH. Estación de Enseñanza, Investigación y Servicios Forestales de Zoquiapan.
_9115941
901 _aBK
942 _cTESIS
949 _bBC
_cTES
_d-136081
_eTS1
_h20010
_i63372
_si
999 _c58242
_d58242